| 000 | 00000ngm 2200000zi 4500 |
| 001 | 9.891057 |
| 003 | CaOODSP |
| 005 | 20220318114320 |
| 006 | m o c f |
| 007 | cr cna|||||||| |
| 008 | 200901e20200218onc006 fo vleng d |
| 040 | |aCaOODSP|beng|erda|cCaOODSP |
| 086 | 1 |aCS892-00005/2020-6E-MP4 |
| 245 | 00|aDemo 6 : |bcreating vector data. |
| 246 | 10|aCreating vector data |
| 264 | 1|a[Ottawa] : |bStatistics Canada = Statistics Canada, |c[February 18, 2020] |
| 300 | |a1 online resource (1 video file (6 min., 30 sec.)) : |bsound, colour |
| 336 | |atwo dimensional moving image|btdi|2rdacontent |
| 337 | |acomputer|bc|2rdamedia |
| 338 | |aonline resource|bcr|2rdacarrier |
| 500 | |aTitle from title screen. |
| 500 | |a"Release date: February 18, 2020." |
| 500 | |aVideo transcript in HTML format provided by publisher. |
| 500 | |aIssued also in French under title: Démo 6 : création de données vectorielles. |
| 520 | |a"So today we'll focus on creating our own vector data. This has many applications, such as digitizing collected field data, creating custom geographies, or delineating relevant features and attributes when a dataset does not already exist"--Supplied by publisher. |
| 538 | |aSystem requirements: Multimedia player software such as Windows Media Player. |
| 538 | |aMode of access: World Wide Web. |
| 650 | 0|aGeographic information systems|xStudy and teaching. |
| 650 | 0|aGeospatial data|xComputer processing|xStudy and teaching. |
| 655 | 7|aInstructional and educational works|2lcgft |
| 655 | 7|aInternet videos|2lcgft |
| 710 | 2 |aStatistics Canada, |eissuing body. |
| 775 | 08|tDémo 6 : |w(CaOODSP)9.891061 |
| 856 | 40|qMP4|s44.26 MB|uhttps://publications.gc.ca/collections/collection_2020/statcan/892-00005/CS892-00005-2020-6-eng.mp4|zVideo |
| 856 | 4 |qHTML|sN/A|uhttps://www.statcan.gc.ca/eng/wtc/online-lectures/qgis/2020006|zTranscript |